01109 a2200169 45000010006000000050017000060080041000230030015000640400040000790800056001192450146001752640054003213000018003755050506003931000018008997000022009175795320260407155839.0260407a1988 arg spa dAR-UNSa-BCEJYS aAR-UNSa-BCEJYSbspacAR-UNSa-BCEJYS a332.1xEconomía regional. Economía territorial 10aEl papel del municipio en la promoción microempresarialp(organización, financiamiento y gestión de estrategias laborales alternativas) 1aBuenos Aires :bFundación Friedrich Ebertc1988 a49 p.c20 cm. a1. Introducción - 2. Producción industrial, agentes productivos y políticas de promoción en la provincia de Buenos Aires - 3. El papel del municipio en la promoción y organización de microempresas - 4. Las experiencias microempresariales en el ámbito municipal - 5. Las políticas estatales de promoción de estrategias laborales alternativas - 6. Participación y gestión: el ámbito social de la economía - 7. El papel de la banca oficial en el financiamiento de microempresas1 aColman, Oscar1 aLapsenson, Susana